000 01359nam a2200361 4500
003 EG-GICUC
005 20260121101407.0
008 251129r2007 ua ||||fr|||| 000 0 ara d
017 _a2006/17530
020 _a977-379-041-7
040 _a EG-GICUC
_bara
_c EG-GICUC
_d EG-GICUC
_erda
041 0 _aara
082 0 4 _221
_a255
_bخ ا . ت
092 0 4 _221
099 _aLaw1 01 255 خ ا . ت 2007
100 0 _aخالد عبدالعظيم أحمد
_eمؤلف.
245 1 0 _aتعدد العقوبات وأثرها في تحقيق الردع :
_bدراسة مقارنة بين الفقه الإسلامي والقانون الجنائي /
_cدكتور خالد عبدالعظيم أحمد.
250 _aالطبعة الأولي.
264 _aالاسكندرية :
_bدار الفكر العربي،
_c2007.
300 _a298 صفحة ؛
_c24 سم.
336 _2rda content
_atext
337 _2rda media
_aComputer
338 _2rda carrier
_aOnline Resource
504 _aببليوجرافيا: صفحات 293-268
504 _aيشتمل على إرجاعات ببليوجرافية.
546 _aالنص باللغة العربية
650 1 _2qrmak
651 1 _2qrmak
655 _aالجنايات
856 4 0 _uhttps://fll.law.cu.edu.eg/fulltext/bks/B01-04589.pdf
905 _a62
_eYara
942 _2ddc
_cBK
_e21
_n0
999 _c47437
_d47437